| 000 | 00512nam a22001937a 4500 | ||
|---|---|---|---|
| 003 | OSt | ||
| 005 | 20240604205133.0 | ||
| 008 | 240604b |||||||| |||| 00| 0 eng d | ||
| 020 | _a0521371651 | ||
| 040 | _cDDC | ||
| 082 | _a523.1 KIL 1994. | ||
| 100 | _4Kilmister C,W. | ||
| 245 | _aEddington's search for a Fundamental Theory. | ||
| 260 |
_aNew York, _bCambridge University. _c1994. |
||
| 300 |
_axii;256p _bill, _c23.3cm. |
||
| 504 | _aReferences,Index. | ||
| 650 | _aMathematics. | ||
| 942 |
_2ddc _cO_SHELF |
||
| 999 |
_c8354 _d8354 |
||